Loading...
| Science - Physics | 0 | 3 | 0 | 0 | 30 | 62 | 73.33 | 0 | 2 | 12.24 | 19.17 |
| History - American | 0 | 3 | 0 | 0 | 30 | 21 | 55.67 | 0 | 1 | 16.70 | 21.33 |
| History - World | 0 | 2 | 0 | 0 | 20 | 62 | 87.50 | 0 | 1 | 6.85 | 15.50 |
| Science - Chemistry | 0 | 2 | 1 | 0 | 15 | 79 | 80.00 | 0 | 1 | 6.37 | 10.50 |
| Science - Other | 0 | 2 | 1 | 2 | 15 | 114 | 119.00 | 0 | 0 | 0.00 | 4.50 |
| Social Science | 0 | 1 | 0 | 0 | 10 | 91 | 91.00 | 0 | 0 | 2.60 | 3.00 |
| History - Other | 0 | 1 | 0 | 0 | 10 | 94 | 94.00 | 0 | 0 | 2.23 | 2.00 |
| Literature - World | 0 | 1 | 0 | 0 | 10 | 75 | 75.00 | 0 | 1 | 4.72 | 9.00 |
| Other Academic | 0 | 1 | 0 | 0 | 10 | 47 | 47.00 | 0 | 1 | 29.91 | 40.00 |
| Science - Biology | 0 | 1 | 0 | 0 | 10 | 87 | 87.00 | 0 | 0 | 2.37 | 2.50 |